|
|
|
|
| LEADER |
00000nam0a2200000 4500 |
| 001 |
329620 |
| 005 |
20231102004159.0 |
| 035 |
|
|
|a (RuTPU)RU\TPU\book\355380
|
| 035 |
|
|
|a RU\TPU\book\355379
|
| 090 |
|
|
|a 329620
|
| 100 |
|
|
|a 20170317d1978 k y0rusy50 ca
|
| 101 |
0 |
|
|a rus
|
| 102 |
|
|
|a GE
|
| 105 |
|
|
|a y z 001zy
|
| 200 |
1 |
|
|a Гомологии некоторых алгебраических и топологических объектов. Сборник работ по топологии. 2
|f Академия наук Грузинской ССР (АН ГрузССР), Тбилисский математический институт им. А. М. Размадзе ; под ред. Г. С. Чогошвили
|
| 210 |
|
|
|a Тбилиси
|c Мецниереба
|d 1978
|
| 215 |
|
|
|a 119 с.
|
| 225 |
1 |
|
|a Труды Тбилисского математического института им. А. М. Размадзе
|v Т. 59
|
| 320 |
|
|
|a Библиогр. в конце ст.
|
| 606 |
1 |
|
|a Гомологии
|x (топология)
|2 stltpush
|3 (RuTPU)RU\TPU\subj\64916
|9 81604
|
| 610 |
1 |
|
|a топология
|
| 610 |
1 |
|
|a топологические методы
|
| 610 |
1 |
|
|a алгебраическая топология
|
| 610 |
1 |
|
|a когомологии
|
| 610 |
1 |
|
|a когомологии Чеха
|
| 610 |
1 |
|
|a нормальные покрытия
|
| 610 |
1 |
|
|a аксиоматическая характеристика
|
| 610 |
1 |
|
|a модули
|
| 610 |
1 |
|
|a группы
|
| 610 |
1 |
|
|a топологические пространства
|
| 610 |
1 |
|
|a гомологические функторы
|
| 610 |
1 |
|
|a формулы Росса
|
| 610 |
1 |
|
|a формулы Милнора
|
| 610 |
1 |
|
|a группы Колмогорова
|
| 610 |
1 |
|
|a двойственность
|
| 610 |
1 |
|
|a кольца гомологии
|
| 675 |
|
|
|a 515.14
|v 3
|
| 702 |
|
1 |
|a Чогошвили
|b Г. С.
|4 340
|
| 712 |
0 |
2 |
|a Академия наук Грузинской ССР (АН ГрузССР)
|b Тбилисский математический институт им. А. М. Размадзе
|2 stltpush
|3 (RuTPU)RU\TPU\col\19405
|
| 801 |
|
0 |
|a RU
|b RuMRKP
|c 19950704
|g psbo
|
| 801 |
|
1 |
|a RU
|b 63413507
|c 20150919
|
| 801 |
|
2 |
|a RU
|b 63413507
|c 20170323
|g RCR
|
| 942 |
|
|
|c BK
|